عرض عادي عرض مارك
  • Cario, Jennifer Evans.

مدخل إسم شخص

عدد التسجيلات المستخدمة في: 1

001 - رقم الضبط

  • حقل الضبط: 41804

003 - معرف رقم الضبط

  • حقل الضبط: OSt

005 - تاريخ ووقت أخر عملية

  • حقل الضبط: 20140108173120.0

008 - عناصر بيانات ثابتة الطول

  • حقل تحكم ثابت الطول: 140108|||a|||||| | ||| d

040 ## - مصدر الفهرسة

  • هيئة الفهرسة الأصلية: OSt
  • وكالة الكتابة: OSt

100 ## - مدخل -- أسم شخص

  • إسم شخص: Cario, Jennifer Evans.

670 ## - بيانات المصدر موجوده

  • الاستشهاد بالمصدر: Work cat.: (OSt)0: Cario, Jennifer Evans., Pinterest marketing :, c2013.